| 000 | 00722nam a22002177a 4500 | ||
|---|---|---|---|
| 001 | 3576 | ||
| 003 | FISKH | ||
| 005 | 20260114113048.0 | ||
| 008 | 240321b cb ||||| |||| 00| 0 eng d | ||
| 040 |
_aFISK _beng _cFISK _dFISK |
||
| 100 |
_aWyss David Johann _d1743-1818 |
||
| 245 |
_aThe swiss family Robinson / _cJohann David Wyss |
||
| 260 |
_aPensacola Christian Collage : _bJohann David Wyss, _c2000 |
||
| 300 |
_a130 pages : _bColor illustrations, _c20 cm |
||
| 505 | _aQ | ||
| 520 | _aRelates the fortunes of a shipwrecked family as they adapt to life on an island with abundant animal and plant life. | ||
| 521 | 8 |
_a860 _bLexile |
|
| 700 | _aJohann David Wyss | ||
| 942 |
_2ddc _cBK _n0 |
||
| 999 |
_c3576 _d3576 |
||